<?xml version="1.0" encoding="UTF-8"?>
<record
    xmlns:xsi="http://www.w3.org/2001/XMLSchema-instance"
    xsi:schemaLocation="http://www.loc.gov/MARC21/slim http://www.loc.gov/standards/marcxml/schema/MARC21slim.xsd"
    xmlns="http://www.loc.gov/MARC21/slim">

  <leader>01098nam0a22002891  4500</leader>
  <controlfield tag="001">rc\3173072</controlfield>
  <controlfield tag="005">20250530075902.0</controlfield>
  <datafield tag="035" ind1=" " ind2=" ">
    <subfield code="a">(NLR Aleph) 007309277</subfield>
  </datafield>
  <datafield tag="090" ind1=" " ind2=" ">
    <subfield code="a">5792820</subfield>
    <subfield code="c">5792820</subfield>
  </datafield>
  <datafield tag="100" ind1=" " ind2=" ">
    <subfield code="a">20120615d1976    |||y0rusy50      ca</subfield>
  </datafield>
  <datafield tag="101" ind1="0" ind2=" ">
    <subfield code="a">rus</subfield>
  </datafield>
  <datafield tag="102" ind1=" " ind2=" ">
    <subfield code="a">RU</subfield>
  </datafield>
  <datafield tag="105" ind1=" " ind2=" ">
    <subfield code="a">a   z   |||||</subfield>
  </datafield>
  <datafield tag="200" ind1="1" ind2=" ">
    <subfield code="a">&#x41E;&#x43F;&#x44B;&#x442; &#x440;&#x430;&#x431;&#x43E;&#x442;&#x44B; &#x441;&#x430;&#x445;&#x430;&#x440;&#x43D;&#x43E;&#x439; &#x43F;&#x440;&#x43E;&#x43C;&#x44B;&#x448;&#x43B;&#x435;&#x43D;&#x43D;&#x43E;&#x441;&#x442;&#x438; &#x41B;&#x430;&#x442;&#x432;&#x438;&#x439;&#x441;&#x43A;&#x43E;&#x439; &#x421;&#x421;&#x420; &#x43F;&#x43E; &#x43F;&#x435;&#x440;&#x435;&#x440;&#x430;&#x431;&#x43E;&#x442;&#x43A;&#x435; &#x441;&#x432;&#x435;&#x43A;&#x43B;&#x44B; &#x438; &#x441;&#x44B;&#x440;&#x446;&#x430;</subfield>
    <subfield code="e">&#x41E;&#x431;&#x437;&#x43E;&#x440;</subfield>
    <subfield code="f">&#x41B;&#x430;&#x442;&#x432;. &#x440;&#x435;&#x441;&#x43F;. &#x438;&#x43D;-&#x442; &#x43D;&#x430;&#x443;&#x447;.-&#x442;&#x435;&#x445;&#x43D;. &#x438;&#x43D;&#x444;&#x43E;&#x440;&#x43C;&#x430;&#x446;&#x438;&#x438; &#x438; &#x43F;&#x440;&#x43E;&#x43F;&#x430;&#x433;&#x430;&#x43D;&#x434;&#x44B;</subfield>
  </datafield>
  <datafield tag="210" ind1=" " ind2=" ">
    <subfield code="a">&#x420;&#x438;&#x433;&#x430;</subfield>
    <subfield code="c">&#x411;. &#x438;.</subfield>
    <subfield code="d">1976</subfield>
  </datafield>
  <datafield tag="215" ind1=" " ind2=" ">
    <subfield code="a">25 &#x441;., 1 &#x43B;. &#x441;&#x445;&#x435;&#x43C;</subfield>
    <subfield code="c">&#x447;&#x435;&#x440;&#x442;.</subfield>
    <subfield code="d">20</subfield>
  </datafield>
  <datafield tag="300" ind1=" " ind2=" ">
    <subfield code="a">&#x41F;&#x435;&#x440;&#x435;&#x434; &#x437;&#x430;&#x433;&#x43B;. &#x430;&#x432;&#x442;.: &#x410;.&#x41A;. &#x421;&#x442;&#x440;&#x430;&#x443;&#x442;&#x43D;&#x438;&#x435;&#x43A;&#x441;, &#x42E;.&#x410;. &#x421;&#x435;&#x43C;&#x435;&#x43D;&#x446;&#x43E;&#x432;, &#x42F;.&#x42F;. &#x41B;&#x430;&#x436;&#x435;</subfield>
  </datafield>
  <datafield tag="320" ind1=" " ind2=" ">
    <subfield code="a">&#x411;&#x438;&#x431;&#x43B;&#x438;&#x43E;&#x433;&#x440;.: &#x441;. 24</subfield>
  </datafield>
  <datafield tag="333" ind1=" " ind2=" ">
    <subfield code="a">&#x414;&#x421;&#x41F;. &#x42D;&#x43A;&#x437;. &#x2116; 4</subfield>
  </datafield>
  <datafield tag="700" ind1=" " ind2="1">
    <subfield code="a">&#x421;&#x442;&#x440;&#x430;&#x443;&#x442;&#x43D;&#x438;&#x435;&#x43A;&#x441;</subfield>
    <subfield code="b">&#x410;.&#x41A;.</subfield>
  </datafield>
  <datafield tag="701" ind1=" " ind2="1">
    <subfield code="a">&#x421;&#x435;&#x43C;&#x435;&#x43D;&#x446;&#x43E;&#x432;</subfield>
    <subfield code="b">&#x42E;.&#x410;.</subfield>
  </datafield>
  <datafield tag="701" ind1=" " ind2="1">
    <subfield code="a">&#x41B;&#x430;&#x436;&#x435;</subfield>
    <subfield code="b">&#x42F;.&#x42F;.</subfield>
  </datafield>
  <datafield tag="801" ind1=" " ind2="0">
    <subfield code="a">RU</subfield>
    <subfield code="b">NLR</subfield>
    <subfield code="g">psbo</subfield>
  </datafield>
  <datafield tag="801" ind1=" " ind2="1">
    <subfield code="a">RU</subfield>
    <subfield code="b">ELAR</subfield>
    <subfield code="2">rusmarc</subfield>
  </datafield>
  <datafield tag="852" ind1=" " ind2=" ">
    <subfield code="a">NLR</subfield>
    <subfield code="j">76-50&#x41A;/5094</subfield>
  </datafield>
  <datafield tag="942" ind1=" " ind2=" ">
    <subfield code="c">BOOK</subfield>
  </datafield>
  <datafield tag="980" ind1=" " ind2=" ">
    <subfield code="a">NB</subfield>
  </datafield>
  <datafield tag="995" ind1=" " ind2=" ">
    <subfield code="5">2013-10-26</subfield>
    <subfield code="b">NLR01</subfield>
    <subfield code="c">NLR01</subfield>
    <subfield code="e">NZ5</subfield>
    <subfield code="f">7309277-10</subfield>
    <subfield code="k">76-50&#x41A;/5094</subfield>
    <subfield code="o">0</subfield>
    <subfield code="r">BOOK</subfield>
    <subfield code="s">76505094_</subfield>
  </datafield>
</record>
